000 00627nam a22002177a 4500
005 20170124110016.0
010 _aB-059680
020 _a8187247347
_c400.00
035 _aB-059680
037 _bCen Lib/Ret
040 _aDPL
_bEN
082 _a332.102285
_bARU
100 _aArun Kapoor
_918718
245 _aPrinciples of computer /
_cby Arun Kapoor
260 _aJaipur
_bShyam Prakashan
_c2001
270 _aFilm Colony, Chaura Rasta
_bJaipur
_e302003
300 _a208p.
_c21cm(Hb)
650 _aComputer Hardware
_918719
650 _aComputer Software
_918720
942 _2ddc
_cEN
_h332.102285
_mARU
999 _c126872
_d126872